书目信息 |
| 题名: |
最新实用金属材料手册
|
|
| 作者: | 张英云 , 涂佑青 编著 | |
| 分册: | ||
| 出版信息: | 南昌 江西科学技术出版社 1999.01 |
|
| 页数: | 1098页 | |
| 开本: | 16开 | |
| 丛书名: | ||
| 单 册: | ||
| 中图分类: | TG14-62 | |
| 科图分类: | ||
| 主题词: | 金属材料 | |
| 电子资源: | ||
| ISBN: | 7-5390-1398-2 | |
| 000 | 00628nam0 2200205 45 | |
| 001 | 0008070911 | |
| 005 | 20000807090456.1 | |
| 010 | @a7-5390-1398-2@d85.00元 | |
| 100 | @a20000807d1999 km y0chiy0120 ea | |
| 101 | 0 | @achi |
| 105 | @a z 000yy | |
| 200 | 1 | @a最新实用金属材料手册@AZui Xin Shi Yong Jin Shu Cai Liao Shou Ce@f张英云,涂佑青编著@FZhang Ying Yun,Tu You Qing Bian Zhu |
| 210 | @a南昌@c江西科学技术出版社@d1999.01 | |
| 215 | @a1098页@d16开 | |
| 606 | 0 | @a金属材料 |
| 690 | @aTG14-62@v3 | |
| 701 | 0 | @a张英云@4编著 |
| 701 | 0 | @a涂佑青@4编著 |
| 801 | @aCN@bPftUser@c20000807 | |
| 905 | @b91039-043@dTG14-62@eZH929@f5 | |
| 最新实用金属材料手册/张英云,涂佑青编著.-南昌:江西科学技术出版社,1999.01 |
| 1098页;16开 |
| ISBN 7-5390-1398-2:85.00元 |
| ● |
| 相关链接 |
|
|
|
正题名:最新实用金属材料手册
索取号:TG14-62/ZH929
 
预约/预借
| 序号 | 登录号 | 条形码 | 馆藏地/架位号 | 状态 | 备注 |
| 1 | 91039 | 200910390 | 自科二线504/504自科库 40排2列4层/ [索取号:TG14-62/ZH929] | 在馆 | |
| 2 | 91040 | 200910407 | 自科库501/501自科库 24排3列4层/ [索取号:TG14-62/ZH929] | 在馆 | |
| 3 | 91041 | 200910416 | 自科二线504/504自科库 12排3列5层/ [索取号:TG14-62/ZH929] | 在馆 | |
| 4 | 91042 | 200910425 | 自科二线504/504自科库 12排3列5层/ [索取号:TG14-62/ZH929] | 在馆 | |
| 5 | 91043 | 200910434 | 自科库501/501自科库 24排3列4层/ [索取号:TG14-62/ZH929] | 在馆 |